00303nam a2200109 a 4500008004100000050001600041245002200057246002300079260005100102300003100153350000900184120416s1964 ||||||||||||||||| || u aDT 8749 Zam10aHelping ourselves aZambia in pictures aNdolabMonterey Printing and Packagingc[1964] a[29 pages] : illustrations a0.00